000 00638nam a2200229 i 4500
001 bg
100 1 _aBURDZY, Janina
245 1 0 _aTablice statystyczne /
_cJanina Burdzy ; Politechnika Lubelska.
260 _aLublin :
_bWydawnictwa Uczelniane PL,
_c1999.
300 _a60, [1] s. :
_bwykr. ;
_c24 cm.
504 _aBibliogr. s. 60.
650 9 _aStatystyka matematyczna
655 _aTablice i wzory
710 0 _aPolitechnika Lubelska
020 _a8387270342
040 _cBPK
041 0 _apl
080 _a519.22/.23(083.5)(075.8)
920 _a83-87270-34-2
942 _cKS
008 s pl f |000 0 pol
999 _c34604
_d34604
856 _uhttp://koha.tu.koszalin.pl/cgi-bin/koha/opac-detail.pl?biblionumber=34604
_yKatalog online BPK